000 01125nac a22003377a 4500
001 BR7600937
003 BR-BrBNA
005 20240105113919.0
008 230509b bl.|||m| |||| 00| 0 por d
040 _aBR-BrBNA
_bpor
_cBiblioteca Nacional de Agricultura
072 _aF00
090 _a0718 BR7600937
100 1 _aRigitano, O.
100 1 _aOjima, M.
100 1 _aAlves, S.
110 1 _aInstituto Agronomico, Campinas, SP (Brasil)
111 1 _a3. Congresso Brasileiro de Fruticultura
_cRio de Janeiro, RJ (Brazil)
_d13 Jul 1975
245 1 _aPereiras enxertadas sobre marmeleiro. - O marmeleiro comum como porta-enxerto de pereira [Melhoramento vegetal; Pyrus malus; Cydonia oblonga; Brasil]
260 3 _aCampinas, SP (Brasil):
_c1975.
300 _a15 p.
490 _aBoletim Tecnico - Instituto Agronomico (Brazil)
_vno. 25
_x
500 _aSummary (En)
650 _aProducao vegetal
650 _aPera
650 _aMarmelo
650 _aMelhoramento vegetal
650 _aEnxerto
650 _aPorta enxerto
909 _a202312
_bLúcia Elande
_c55
_dLúcia Elande
942 _2AGRIS
_n0
_cMS
999 _c266309
_d266309